Europe Dimensionally Quiz Stats

 Plays Quiz Updated May 5, 2018

Challenge
Share
Tweet
Embed
Score 0/20 Timer 05:00
0 Plays Today
Country (H)orizontal or (V)ertical % Correct
Russia???
94.3%
United Kingdom???
93.3%
Portugal???
93.3%
Sweden???
92.8%
Finland???
92.8%
Austria???
92.2%
Switzerland???
90%
Czechia???
89.7%
Hungary???
89.6%
Ukraine???
84.9%
Country (H)orizontal or (V)ertical % Correct
Iceland???
83.9%
Ireland???
83.8%
Bulgaria???
81.8%
Germany???
80.1%
Romania???
78.4%
Lithuania???
74.3%
Netherlands???
61.4%
Luxembourg???
60.1%
Poland???
57.3%
Spain???
45.9%

You're not logged in!

Compare scores with friends on all Sporcle quizzes.
Join for Free
OR
Log In

You Might Also Like...

Show Comments

Extras

Top Quizzes Today


Score Distribution

Your Account Isn't Verified!

In order to create a playlist on Sporcle, you need to verify the email address you used during registration. Go to your Sporcle Settings to finish the process.

Report this User

Report this user for behavior that violates our Community Guidelines.

Details: